Score 0/13 Timer 01:00
0 Plays Today
Clue 4-Letter Word % Correct
Month with US Flag DayJUNE
95.4%
Trashy boat type?JUNK
89.9%
Lacking lightDARK
89.6%
Month with US Independence DayJULY
84.6%
A type of basketball shotDUNK
84%
Bar projectileDART
78.5%
Two-wheeled vehicleCART
78%
Peers for a trialJURY
76.9%
Unpleasantly moistDANK
76.6%
Coiled hairCURL
71.1%
Astronomer SaganCARL
67.7%
Anger or frenzyFURY
64.1%
Roll up a flagFURL
55.5%

Today's Daily Dose

Missing Word
'T' Pairs

Word Ladder
Game Pieces

Get the Picture
Baseball Movies

Remove Ads.
Support Sporcle.
Get the best of Sporcle when you Go Orange. This ad-free experience offers more features, more stats, and more fun while also helping to support Sporcle. Thank you for becoming a member.

You're not logged in!

Compare scores with friends on all Sporcle quizzes.
OR
Log In

Show Comments

Extras

Top Quizzes Today


Score Distribution

Your Account Isn't Verified!

In order to create a playlist on Sporcle, you need to verify the email address you used during registration. Go to your Sporcle Settings to finish the process.

Report this User

Report this user for behavior that violates our Community Guidelines.

Details: